Work Flexibility in Developed Countries: Economic Context and Policy Implications

Proces flexibilizácie trhu práce a výsledná situácie na príklade dvoch modelov. Flexibilita trhu práce v najširšej koncepcii a jej forme: makroekonomický kontext. Statická a dynamická účinnosť rôznych typov regulácie. Technická dekompozícia flexibility trhu práce. Flexibilizácia práce vo vybraných r...

Descrizione completa

Salvato in:
Dettagli Bibliografici
Autore principale: Pisár, Peter
Altri autori: Huňady, Ján, Ľapinová, Erika
Natura: Capitolo di libro
Lingua:inglese
Soggetti:
Tags: Aggiungi Tag
Nessun Tag, puoi essere il primo ad aggiungerne!!

MARC

LEADER 00000naa a2200000 4500
001 0250853
005 20190212151319.5
041 0 |a eng 
044 |a CZ 
245 1 0 |a Work Flexibility in Developed Countries: Economic Context and Policy Implications  |c Peter Pisar, Jan Hunady, Erika Ľapinova 
520 |a Proces flexibilizácie trhu práce a výsledná situácie na príklade dvoch modelov. Flexibilita trhu práce v najširšej koncepcii a jej forme: makroekonomický kontext. Statická a dynamická účinnosť rôznych typov regulácie. Technická dekompozícia flexibility trhu práce. Flexibilizácia práce vo vybraných rozvinutých krajinách - komparatívna a klastrová analýza. Podiel zamestnaných na čiastočný úväzok v európskych krajinách (2014). Podiel dočasných zamestnancov (2014). Klastrová analýza európskych krajín podľa pružnosti trhu práce. Odhad vplyvu pracovnej flexibility na nezamestnanosť - regresná analýza. 
610 2 0 |a trh práce 
610 2 0 |a práca 
610 2 0 |a práca flexibilná 
610 2 0 |a pohyb síl pracovných 
610 2 0 |a pružnosť 
610 2 0 |a úväzok pracovný 
610 2 0 |a zamestnanci 
610 2 0 |a analýza komparatívna 
610 2 0 |a analýza zhluková 
610 2 0 |a politika hospodárska 
610 2 0 |a politika hospodárska medzinárodná 
610 2 0 |a regulácia 
610 2 0 |a štandardy 
610 2 0 |a Európska únia 
100 1 |a Pisár, Peter 
700 1 |a Huňady, Ján 
700 1 |a Ľapinová, Erika